Boletín de Investigación /
Guardado en:
| Institution som forfatter: | |
|---|---|
| Format: | Bog |
| Sprog: | Spanish |
| Udgivet: |
San Salvador, El Salvador:
Instituto de Investigaciones Económicas. Facultad de Ciencias Económicas. Universidad de El Salvador,
1974-
|
| Fag: | |
| Tags: |
Tilføj Tag
Ingen Tags, Vær først til at tagge denne postø!
|
MARC
| LEADER | 00000nam a22000007a 4500 | ||
|---|---|---|---|
| 003 | cru CIDCACS/IIS | ||
| 005 | 20210311062555.0 | ||
| 008 | 201127s1974 es |||p|r||||||0| ||spa|d | ||
| 999 | |c 43542 |d 43542 | ||
| 040 | |c CRAI/IIS | ||
| 090 | |a REV0091 | ||
| 110 | 2 | |9 8522 |a Universidad de El Salvador | |
| 245 | 1 | |a Boletín de Investigación / |c Instituto de Investigaciones Económicas. Facultad de Ciencias Económicas. Universidad de El Salvador | |
| 260 | |a San Salvador, El Salvador: |b Instituto de Investigaciones Económicas. Facultad de Ciencias Económicas. Universidad de El Salvador, |c 1974- | ||
| 500 | |a EXISTENCIAS : 1974 (1-4) 1975 (5-7) | ||
| 650 | 0 | |a POLITICA COMERCIAL INTERNACIONAL |9 3683 | |
| 650 | 4 | |9 1935 |a RECESION ECONOMICA | |
| 650 | 4 | |9 2655 |a POLITICA ECONOMICA | |
| 650 | 4 | |9 2667 |a INFLACION | |
| 942 | |2 ddc |c PP | ||
